Survey slams 'huge'cost of tendering. (Record no. 73775)

MARC details
000 -LEADER
fixed length control field 00860cam a2200193 4500
001 - CONTROL NUMBER
control field WB3943-01
008 - FIXED-LENGTH DATA ELEMENTS--GENERAL INFORMATION
fixed length control field 031112n2003 000 0 eng u
035 ## - SYSTEM CONTROL NUMBER
System control number (Sirsi) u124295
245 ## - TITLE STATEMENT
Title Survey slams 'huge'cost of tendering.
260 ## - PUBLICATION, DISTRIBUTION, ETC.
Date of publication, distribution, etc. 2003
490 ## - SERIES STATEMENT
Series statement Contract Journal
Volume/sequential designation 421(6451) 5 November 2003, 4(1)
520 ## - SUMMARY, ETC.
Summary, etc. A survey conducted by Reading University has shown that the average cost of construction tendering is 3% of the value of the project with average pre-qualification costs at 1.5%. 2% of turnover is being spent in photocopying and mailing documents. To calculate actual bid costs and contribute to the survey visit the survey site at http://www.constructionmarketingcommunity.com/research.
590 ## - LOCAL NOTE (RLIN)
Local note WB
650 ## - SUBJECT ADDED ENTRY--TOPICAL TERM
Topical term or geographic name entry element TENDERING
650 ## - SUBJECT ADDED ENTRY--TOPICAL TERM
Topical term or geographic name entry element BIDDING
650 ## - SUBJECT ADDED ENTRY--TOPICAL TERM
Topical term or geographic name entry element Procurement-old
690 ## - LOCAL SUBJECT ADDED ENTRY--TOPICAL TERM (OCLC, RLIN)
Topical term or geographic name as entry element Procurement
9 (RLIN) 6260
942 ## - ADDED ENTRY ELEMENTS (KOHA)
Suppress in OPAC 0
Holdings
Withdrawn status Lost status Source of classification or shelving scheme Damaged status Not for loan Home library Current library Shelving location Date acquired Total Checkouts Full call number Barcode Date last seen Copy number Price effective from Koha item type
    Dewey Decimal Classification     London London News article 12/11/2003   WB3943-01 124295-1001 06/08/2019 1 06/08/2019 News article